1944 1254 1750 1903 1102 1153 1837 1696 1268 1824 1903 1111 1716 1779 1351 1160 1433 1994 1605 1586 1150 1332 1651 1191 1403 1603 1837 1524 1590 1116 1538 1235 1691 1154 1124 1002 1479 1262 1363 1050 1469 1071 1368 1859 1899 1900 1251 1408 1363 1236 1302 1763 1574 1912 1478 1704 1616 1252 1371 1943 1085 1706 1977 1277 1676 1828 1753 1759 1615 1264 1633 1040 1743 1233 1403 1383 1017 1824 1202 1334 1615 1856 1752 1695 1285 1460 1927 1167 1793 1783 1576 1684 1255 1588 1609 1335 1083 1591 1805 BCNSPRNW ULIB Ver.6.0+V

เปลี่ยนเป็นภาษาไทย

Change to English
 แสดงรายละเอียดบรรณานุกรม
  กลับหน้าหลัก

Brief Record : Get Marc (ISO 2709) : E-mail record : QR code < ปิดหน้าต่าง
LEADER : 00000nam 2200000uu 4500
001    13399120500
003     ULIB
008    120921s2552||||th 000 0 tha d
020    ^a9786165311526
060  4 ^aWB520^bป524o 2552
100 0  ^aปัญญา ไพศาลอนันต์
245 00 ^aน้ำ โอสถทิพย์พิชิตโรค/^cปัญญา ไพศาลอนันต์
260    ^aกรุงเทพฯ:^bแบงค์คอกบุ๊คส์,^c2552
300    ^a63 หน้า:^bภาพประกอบ
650  7 ^aน้ำ
650  7 ^aประโยชน์ของน้ำ
945    ^p59^l0^i17838
995    ^aกัณชพร
999 ^a ใช้งานได้ทุกระบบ
รายการนี้ยังไม่มีแท็ก
คุณยังไม่ได้ล็อกอิน คุณสามารถมีกิจกรรมร่วมกับเว็บไซต์ได้ แต่ต้องล็อกอินก่อน ::
  ล็อกอิน

รายการสื่อสารสนเทศ

ลำดับที่ ประเภท เลขเรียก/บาร์โค้ด สถานที่ สถานะ
- ไม่พบข้อมูล -

รายการใกล้เคียง
    ผู้แต่ง [ปัญญา ไพศาลอนันต์]

    หัวเรื่อง [น้ำ]
    หัวเรื่อง [ประโยชน์ของน้ำ]

BibComment


ยังไม่เคยถูกคอมเมนท์

คอมเมนท์ทรัพยากรรายการนี้
  คอมเมนท์: น้ำ โอสถทิพย์พิช..


 Copyright 2026. Bcnsprnw @Library